000 01168 a2200205 4500
001 54583
005 20260407155820.0
008 260407a1979 arg spa d
003 AR-UNSa-BCEJYS
040 _aAR-UNSa-BCEJYS
_bspa
_cAR-UNSa-BCEJYS
080 _a32
_xPolítica
245 1 0 _aCompendio de ciencia política
_pTeoría política I
264 1 _aBuenos Aires :
_bEdiciones Depalma
_c1979
300 _a383 p.
_c23 cm.
505 _aVol. I: 1. El conocimiento de lo político – 2. Sistematización teórica – 3. Sistematización general – 4. La realidad política – 5. La acción política – 6. El comportamiento político – 7. El poder político – 8. La autoridad política – 9. La relación del poder basada en la negociación – 10. La relación del poder basada en el liderazgo político – 11. La dominación política – 12. Las bases de legitimidad del poder político – 13. Teoría de la clase política o dirigente – 14. Teoría de la burocracia – 15. El sistema político – 16. Proceso del sistema político.
041 _aspa
942 _cBK
590 _aniveau_biblio:m niveau_hierar:0
100 1 _aMelo, Artemio Luis
999 _c5658
_d5658